| 000 | 00690cam a22002411 4500 | ||
|---|---|---|---|
| 999 |
_c18493 _d18493 |
||
| 001 | 9409503 | ||
| 003 | BDDh-ASL | ||
| 005 | 20231015025717.0 | ||
| 008 | 750508s1965 e 000 0 eng | ||
| 010 | _a 66048760 | ||
| 015 | _aGB65-19512 | ||
| 035 | _a(OCoLC)1319545 | ||
| 040 |
_aDLC _cFO _dBDDh-ASL _dDLC |
||
| 050 | 0 | 0 |
_aDA18 _b.W54 |
| 082 |
_a941.063 _bWIB |
||
| 100 | 1 |
_aWiseman, H. Victor _q(Herbert Victor) |
|
| 245 | 1 | 0 |
_aBritain and the Commonwealth / _cby H. Victor Wiseman. |
| 260 |
_aLondon: _bG. Allen & Unwin, _c1965. |
||
| 300 |
_a157 p. : _c21 cm. |
||
| 610 | 2 | 0 | _aCommonwealth of Nations. |
| 906 |
_a7 _bcbc _coclcrpl _du _encip _f19 _gy-gencatlg |
||
| 942 |
_2ddc _cBK |
||